[Event "Women's Speed Chess Q2"]
[Site "chess.com INT"]
[Date "2020.06.19"]
[Round "2"]
[White "Xu, Yuanyuan"]
[Black "Goltseva, Ekaterina"]
[Result "1-0"]
[WhiteTitle "WGM"]
[BlackTitle "FM"]
[WhiteElo "2317"]
[BlackElo "2306"]
[WhiteFideId "8601089"]
[BlackFideId "24173770"]
[EventDate "2020.06.19"]

1. d4 Nf6 2. c4 e6 3. g3 Bb4+ 4. Nd2 c5 5. a3 Bxd2+ 6. Qxd2 Nc6 7. d5 Nd4 8. Qd3
exd5 9. cxd5 d6 10. Bg2 Bf5 11. e4 Bd7 12. Be3 Bb5 13. Qc3 Qe7 14. Bxd4 Nxe4 15.
Qe3 f5 16. Bc3 O-O 17. Ne2 Rae8 18. Bxe4 fxe4 19. Nf4 Rf5 20. O-O-O Qf7 21. Kb1
Bc4 22. Rhe1 Bxd5 23. Nxd5 Rxd5 24. Rxd5 Qxd5 25. Ka1 Qf7 26. Rd1 Qe6 27. Qg5
Re7 28. Rd5 b6 29. h4 h6 30. Qh5 Kh7 31. Qf5+ g6 32. Qf8 Qxd5 33. Qh8# 1-0

[Event "Women's Speed Chess Q2"]
[Site "chess.com INT"]
[Date "2020.06.19"]
[Round "2"]
[White "Injac, Teodora"]
[Black "Zhukova, Natalia"]
[Result "0-1"]
[WhiteTitle "WIM"]
[BlackTitle "GM"]
[WhiteElo "2286"]
[BlackElo "2328"]
[WhiteFideId "932400"]
[BlackFideId "14101513"]
[EventDate "2020.06.19"]

1. d4 Nf6 2. Nf3 d5 3. c4 e6 4. Nc3 c5 5. cxd5 Nxd5 6. e4 Nxc3 7. bxc3 cxd4 8.
cxd4 Bb4+ 9. Bd2 Bxd2+ 10. Qxd2 O-O 11. Bc4 Nd7 12. O-O b6 13. Rad1 Bb7 14. Rfe1
Rc8 15. Bb3 Re8 16. Qf4 h6 17. Re3 Qc7 18. Qg4 b5 19. e5 a5 20. Nh4 Nf8 21. Rg3
g6 22. Rf1 a4 23. Bd1 Qe7 24. f4 Be4 25. Bf3 Bc2 26. Be2 b4 27. Rh3 Rc3 28. Rxc3
bxc3 29. Qh3 Qb4 30. Nf3 Kg7 31. Qh4 Nd7 32. Ne1 Be4 33. Bd3 Qxd4+ 34. Kh1 Bxd3
35. Qh3 Bxf1 0-1

[Event "Women's Speed Chess Q2"]
[Site "chess.com INT"]
[Date "2020.06.19"]
[Round "2"]
[White "Vijayalakshmi, Subbaraman"]
[Black "Shafigullina, Zarina"]
[Result "1-0"]
[WhiteTitle "IM"]
[BlackTitle "WFM"]
[WhiteElo "2332"]
[BlackElo "2296"]
[WhiteFideId "5004098"]
[BlackFideId "24174220"]
[EventDate "2020.06.19"]

1. d3 Nf6 2. Nf3 d5 3. g3 c5 4. Bg2 Nc6 5. O-O h6 6. Nc3 Bf5 7. Re1 d4 8. e4
dxc3 9. exf5 cxb2 10. Bxb2 Qd7 11. Ne5 Nxe5 12. Rxe5 Qc7 13. Qe2 Nd7 14. Re3
O-O-O 15. a4 Nb6 16. Be5 Qd7 17. c4 Qxf5 18. Be4 Qe6 19. Rb1 Rd7 20. a5 Na8 21.
Qf3 Qa6 22. Qxf7 Nc7 23. Bxc7 Kxc7 24. Rxb7+ Qxb7 25. Bxb7 Kxb7 26. Qe8 Kc7 27.
a6 Rd8 28. Qb5 e6 29. Qb7+ Kd6 30. Qxa7 Rd7 31. Qb6+ Ke7 32. Rxe6+ Kf7 33. Rc6
Be7 34. Rc7 Rxd3 35. a7 Rhd8 36. Qb7 Rd1+ 37. Kg2 Re1 38. a8=Q Rxa8 39. Qxa8 1-0

[Event "Women's Speed Chess Q2"]
[Site "chess.com INT"]
[Date "2020.06.19"]
[Round "2"]
[White "Sudakova, Irina"]
[Black "Kashlinskaya, Alina"]
[Result "1/2-1/2"]
[WhiteTitle "WGM"]
[BlackTitle "IM"]
[WhiteElo "2288"]
[BlackElo "2494"]
[WhiteFideId "4129903"]
[BlackFideId "4198026"]
[EventDate "2020.06.19"]

1. e4 e6 2. d4 d5 3. Bd3 dxe4 4. Bxe4 Nf6 5. Bf3 Nbd7 6. Ne2 Bd6 7. c4 e5 8.
Nbc3 O-O 9. O-O Re8 10. c5 Bf8 11. c6 e4 12. cxd7 Bxd7 13. Nxe4 Nxe4 14. Nc3 Bf5
15. Bf4 Bd6 16. Bxd6 Qxd6 17. Re1 Nxc3 18. bxc3 c6 19. Qb3 Re7 20. Rxe7 Qxe7 21.
h3 h6 22. a4 Re8 23. a5 Qc7 24. h4 Be6 25. Qc2 Qf4 26. a6 Bf5 27. Qa2 bxa6 28.
Bxc6 Re6 29. g3 Qg4 30. Bd5 Rf6 31. Re1 Be6 32. Bxe6 fxe6 33. Qxa6 Qf3 34. Qe2
Qxc3 35. Qe3 Qxe3 36. Rxe3 Kf8 37. Ra3 Rf7 38. Ra6 Rd7 39. Kg2 Ke7 40. Kf3 Rxd4
41. Rxa7+ Kf6 42. Kg2 Rb4 43. Ra5 Rc4 44. Rb5 Ra4 45. Rc5 Rb4 46. Ra5 Rc4 47.
Rb5 Ra4 48. Rc5 Rb4 49. Ra5 1/2-1/2

[Event "Women's Speed Chess Q2"]
[Site "chess.com INT"]
[Date "2020.06.19"]
[Round "2"]
[White "Bouah, Denise"]
[Black "Shvedova, Alexandra"]
[Result "1-0"]
[WhiteTitle "WIM"]
[BlackTitle "WFM"]
[WhiteElo "1770"]
[BlackElo "1994"]
[WhiteFideId "14300818"]
[BlackFideId "54154782"]
[EventDate "2020.06.19"]

1. e4 e5 2. Nf3 Nc6 3. Bb5 Nf6 4. d3 d6 5. O-O a6 6. Ba4 b5 7. Bb3 Na5 8. Nbd2
Be7 9. Re1 h6 10. Nf1 c5 11. c3 Nxb3 12. axb3 Bg4 13. Ne3 h5 14. h3 Be6 15. Ng5
Nd7 16. Nxe6 fxe6 17. Kh2 Bf6 18. Nc2 g5 19. d4 Qe7 20. dxc5 Nxc5 21. c4 Nxb3
22. Ra3 Nxc1 23. Qxc1 g4 24. cxb5 Bg5 25. Qd1 a5 26. Nb4 Bf4+ 27. g3 Bg5 28. h4
Bxh4 29. gxh4 Qxh4+ 30. Kg2 Rf8 31. Qe2 Kd7 32. Nc6 Rf4 33. Rh1 Qg5 34. Qc4 Raf8
35. Rf1 h4 36. Rxa5 h3+ 37. Kh1 Rxf2 38. Ra7+ Ke8 39. Qxe6+ 1-0

[Event "Women's Speed Chess Q2"]
[Site "chess.com INT"]
[Date "2020.06.19"]
[Round "2"]
[White "Bogumil, Tatiana"]
[Black "Jakubowska, Anna"]
[Result "0-1"]
[WhiteTitle "WGM"]
[BlackTitle "WIM"]
[WhiteElo "2182"]
[BlackElo "2073"]
[WhiteFideId "4110579"]
[BlackFideId "1121952"]
[EventDate "2020.06.19"]

1. Nf3 d5 2. c4 c6 3. b3 Nf6 4. Bb2 Bf5 5. g3 e6 6. Bg2 Bd6 7. O-O O-O 8. d3
Nbd7 9. Nbd2 Bg6 10. Nh4 e5 11. Nxg6 hxg6 12. Qc2 Re8 13. a3 Bc7 14. b4 Nf8 15.
Rac1 Rc8 16. Qb3 d4 17. c5 Bb8 18. Ne4 Nd5 19. Nd2 Nf6 20. Ne4 Nxe4 21. Bxe4 Ne6
22. Bg2 Kh7 23. e3 dxe3 24. fxe3 f6 25. Qc4 f5 26. Rcd1 Qg5 27. Bc1 Qh5 28. d4
Ng5 29. d5 cxd5 30. Rxd5 e4 31. Bb2 Rcd8 32. Rfd1 Rxd5 33. Qxd5 Qe2 34. Qd2 Nf3+
35. Bxf3 exf3 36. Qxe2 fxe2 37. Re1 Rxe3 38. Kf2 Re4 39. Rxe2 Rxe2+ 40. Kxe2 g5
41. Bd4 Kg6 42. b5 Kf7 43. Kd3 g6 44. Kc4 Ke6 45. a4 g4 46. Be3 Be5 47. a5 Kd7
48. c6+ bxc6 49. b6 axb6 50. Bxb6 Kc8 51. a6 f4 52. gxf4 Bxf4 53. Bg1 Bb8 54.
Kd3 Bd6 55. Kc4 Kb8 0-1

[Event "Women's Speed Chess Q2"]
[Site "chess.com INT"]
[Date "2020.06.19"]
[Round "2"]
[White "Munkhzul, Turmunkh"]
[Black "Yakimova, Mariya"]
[Result "1-0"]
[WhiteTitle "WIM"]
[BlackTitle "WFM"]
[WhiteElo "2278"]
[BlackElo "2269"]
[WhiteFideId "4901878"]
[BlackFideId "34188859"]
[EventDate "2020.06.19"]

1. e4 c5 2. Nf3 Nc6 3. d4 cxd4 4. Nxd4 Nf6 5. Nc3 e5 6. Ndb5 d6 7. Bg5 a6 8. Na3
b5 9. Nd5 Be7 10. Bxf6 Bxf6 11. c3 O-O 12. Nc2 Bg5 13. a4 bxa4 14. Rxa4 a5 15.
Bc4 Rb8 16. b3 Kh8 17. Nce3 g6 18. O-O f5 19. exf5 gxf5 20. Qh5 Be6 21. Nc7 Bxc4
22. Rxc4 Bxe3 23. Rxc6 Qd7 24. Rc4 Ba7 25. Nd5 Bc5 26. b4 axb4 27. cxb4 Bb6 28.
Qh6 Rg8 29. Nf6 Qf7 30. Nxg8 Qxc4 31. Ne7 Qf7 32. Qxd6 Rb7 33. Qxe5+ Qg7 34.
Qxg7+ Kxg7 35. Nxf5+ Kf6 36. Ne3 Rd7 37. Nc4 Bd4 38. g3 Rb7 39. Rb1 Bc3 40. b5
Ke6 41. Ne3 Bd4 42. Kg2 Kd6 43. Nf5+ Ke5 44. Nxd4 Kxd4 45. f4 1-0

[Event "Women's Speed Chess Q2"]
[Site "chess.com INT"]
[Date "2020.06.19"]
[Round "2"]
[White "Thipsay, Bagyashree Sathe"]
[Black "Harika, Dronavalli"]
[Result "0-1"]
[WhiteTitle "WIM"]
[BlackTitle "GM"]
[WhiteElo "2072"]
[BlackElo "2515"]
[WhiteFideId "5001013"]
[BlackFideId "5015197"]
[EventDate "2020.06.19"]

1. e4 c5 2. Nf3 Nc6 3. d4 cxd4 4. Nxd4 e5 5. Nb5 d6 6. c4 g6 7. N1c3 a6 8. Na3
Bg7 9. Be2 Nge7 10. O-O O-O 11. Nc2 Be6 12. Nd5 Rc8 13. Be3 f5 14. f3 Bxd5 15.
cxd5 Nb8 16. Rc1 Nd7 17. Na3 Nf6 18. Bd3 b5 19. Nc2 Qa5 20. a3 h5 21. Nb4 fxe4
22. Bxe4 Nf5 23. Bxf5 gxf5 24. Nc6 Qc7 25. f4 exf4 26. Bd4 Ng4 27. Rxf4 Bxd4+
28. Qxd4 Qg7 29. Qxg7+ Kxg7 30. Re1 Rce8 31. Rxe8 Rxe8 32. Kf1 Kg6 33. h3 Nf6
34. Nb4 a5 35. Nc6 Nxd5 36. Rd4 Ne3+ 37. Kf2 d5 38. Nxa5 Nc4 39. Rxd5 Nxa5 40.
Rxb5 Nc4 41. a4 Ra8 42. b3 Na3 43. Rb6+ Kg5 44. g3 h4 45. gxh4+ Kxh4 0-1

[Event "Women's Speed Chess Q2"]
[Site "chess.com INT"]
[Date "2020.06.19"]
[Round "2"]
[White "Fuentes Inzunza, Lesly"]
[Black "Ovezdurdiyeva, Jemal"]
[Result "1-0"]
[WhiteTitle "WFM"]
[BlackTitle "WFM"]
[WhiteElo "1840"]
[BlackElo "2061"]
[WhiteFideId "3408205"]
[BlackFideId "14001888"]
[EventDate "2020.06.19"]

1. d4 Nf6 2. c4 g6 3. Nc3 Bg7 4. e4 d6 5. f3 O-O 6. Be3 Nbd7 7. Nh3 c5 8. d5 a6
9. a4 Ne5 10. Nf2 e6 11. Be2 exd5 12. cxd5 Ne8 13. O-O f5 14. Qd2 Bd7 15. Bh6
Rb8 16. exf5 Bxf5 17. Nfe4 Bd7 18. Bxg7 Kxg7 19. a5 Bf5 20. h3 Nf6 21. Ng5 Qe7
22. Rad1 h6 23. Ne6+ Bxe6 24. dxe6 Rbd8 25. Nd5 Qxe6 26. Nxf6 Qxf6 27. Qd5 Nc6
28. Rd2 Rd7 29. Rfd1 Nb4 30. Qc4 d5 31. Qxc5 Qd6 32. Qxd6 Rxd6 33. Rd4 Nc6 34.
Rxd5 Rxd5 35. Rxd5 Rf7 36. Bd3 g5 37. Be4 Nb4 38. Rd6 Rc7 39. Rg6+ Kf7 40. Rxh6
Rc1+ 41. Kh2 Rc7 42. Rh7+ 1-0

[Event "Women's Speed Chess Q2"]
[Site "chess.com INT"]
[Date "2020.06.19"]
[Round "2"]
[White "Mikheeva, Galina"]
[Black "Efimenko, Maria"]
[Result "0-1"]
[WhiteTitle "WFM"]
[BlackTitle "WIM"]
[WhiteElo "1901"]
[BlackElo "2245"]
[WhiteFideId "44108320"]
[BlackFideId "14124327"]
[EventDate "2020.06.19"]

1. e4 d5 2. exd5 Qxd5 3. Nc3 Qd6 4. Bc4 Nf6 5. d3 g6 6. Nf3 Bg7 7. O-O a6 8. Bg5
h6 9. Be3 O-O 10. Qd2 Kh7 11. Bf4 Qd8 12. Rfe1 Nc6 13. a4 Nh5 14. Bg3 Nxg3 15.
hxg3 e5 16. Nd5 Be6 17. Ne3 Nd4 18. c3 Bxc4 19. cxd4 Be6 20. dxe5 c5 21. Qc3 b6
22. Rad1 Qe8 23. a5 bxa5 24. Qxc5 Qb5 25. Qxb5 axb5 26. d4 Bb3 27. Rd3 a4 28. d5
Rfe8 29. Ng4 Bc4 30. Rd2 h5 31. Nf6+ Bxf6 32. exf6 Rxe1+ 33. Nxe1 Rd8 34. Nc2
Rxd5 35. Rxd5 Bxd5 36. Nb4 Bc4 37. f3 g5 38. Kf2 Kg6 39. Ke3 Kxf6 40. Kd4 Bf1
41. Kc5 h4 42. gxh4 gxh4 43. Nd5+ Kg5 44. Ne3 Be2 0-1

[Event "Women's Speed Chess Q2"]
[Site "chess.com INT"]
[Date "2020.06.19"]
[Round "2"]
[White "Sebag, Marie"]
[Black "Dauletova, Gulmira"]
[Result "1-0"]
[WhiteTitle "GM"]
[BlackTitle "WIM"]
[WhiteElo "2438"]
[BlackElo "2319"]
[WhiteFideId "617822"]
[BlackFideId "13702971"]
[EventDate "2020.06.19"]

1. e4 e5 2. Nf3 Nc6 3. Bb5 a6 4. Ba4 Nf6 5. O-O Nxe4 6. d4 b5 7. Bb3 d5 8. dxe5
Be6 9. Qe2 Bc5 10. Be3 O-O 11. Nbd2 Bxe3 12. Qxe3 Nxd2 13. Qxd2 Qd7 14. Rfe1 Ne7
15. Qe3 c6 16. a4 Nf5 17. Qc5 Qe7 18. Qxc6 Rfc8 19. Qb6 Rab8 20. Qxa6 b4 21. Qd3
Rc5 22. Nd4 Nh4 23. Qg3 Rbc8 24. h3 Ng6 25. Rad1 Ra5 26. f4 Qd7 27. Qf2 Ne7 28.
Rd2 Qc7 29. f5 Bd7 30. f6 Ng6 31. Rde2 Bxa4 32. Bxa4 Rxa4 33. fxg7 Kxg7 34. e6
f6 35. e7 Qd7 36. e8=Q Rxe8 37. Rxe8 Ra2 38. Nf5+ Kf7 39. R8e7+ Nxe7 40. Rxe7+
Qxe7 41. Nxe7 Kxe7 42. Qc5+ Ke8 43. Qxb4 Ra1+ 44. Kh2 Kf7 45. Qd4 Rb1 46. Qxd5+
Kg6 47. Qd4 Re1 48. b4 1-0

[Event "Women's Speed Chess Q2"]
[Site "chess.com INT"]
[Date "2020.06.19"]
[Round "2"]
[White "Sucikova, Svetlana"]
[Black "Sedina, Elena"]
[Result "1-0"]
[WhiteTitle "WFM"]
[BlackTitle "IM"]
[WhiteElo "2171"]
[BlackElo "2299"]
[WhiteFideId "14923653"]
[BlackFideId "812153"]
[EventDate "2020.06.19"]

1. Nf3 d5 2. g3 Bg4 3. Bg2 Nd7 4. O-O c6 5. d4 Ngf6 6. b3 e6 7. Bb2 Bd6 8. Ne5
Bh5 9. Nd2 O-O 10. Kh1 Qe7 11. Qe1 c5 12. c3 Nxe5 13. dxe5 Bxe5 14. f4 Bd6 15.
e4 dxe4 16. Nxe4 Nxe4 17. Qxe4 Rab8 18. c4 Bg6 19. Qe3 Bf5 20. Rae1 Qc7 21. g4
Bg6 22. Qf3 f6 23. Rxe6 Bf7 24. Re2 b6 25. Rfe1 Bxf4 26. Re7 Qd6 27. R7e4 Bxh2
28. Qh3 Bf4 29. Qf3 Bg5 30. Rd1 Qc7 31. Re2 Rbd8 32. Rde1 Rd2 33. Rxd2 Bxd2 34.
Re2 Qf4 35. Qxf4 Bxf4 36. Re7 a5 37. Rb7 Rd8 38. Bf3 h5 39. gxh5 Rd2 40. Bc3
Rxa2 41. Rxb6 Rc2 42. Bxa5 Rf2 43. Be4 Bxh5 44. Kg1 Kf7 45. Kxf2 1-0

[Event "Women's Speed Chess Q2"]
[Site "chess.com INT"]
[Date "2020.06.19"]
[Round "2"]
[White "Tarleva, Vira"]
[Black "Yip, Carissa"]
[Result "1/2-1/2"]
[WhiteTitle "WFM"]
[BlackTitle "IM"]
[WhiteElo "2030"]
[BlackElo "2420"]
[WhiteFideId "14116693"]
[BlackFideId "2090732"]
[EventDate "2020.06.19"]

1. e4 c5 2. Nf3 d6 3. d4 cxd4 4. Nxd4 Nf6 5. Nc3 g6 6. f4 Nc6 7. Bb5 Bd7 8. Bxc6
Bxc6 9. Qf3 Qc7 10. Be3 Bg7 11. Nxc6 Qxc6 12. O-O b5 13. e5 Qxf3 14. Rxf3 dxe5
15. fxe5 Ng4 16. Nxb5 Bxe5 17. Bf4 Rc8 18. Bxe5 Nxe5 19. Rc3 Rxc3 20. Nxc3 Kd7
21. Rd1+ Kc6 22. Kf2 Rb8 23. b3 e6 24. Ne4 Kc7 25. h3 h6 26. Ke3 Nc6 27. Nf6 Rd8
28. Rxd8 Kxd8 29. c3 Ke7 30. Ne4 f5 31. Nc5 Kd6 32. Nd3 e5 33. g4 Ne7 34. c4 Ng8
35. b4 Nf6 36. gxf5 gxf5 37. c5+ Kd5 38. b5 e4 39. c6 Kd6 40. Nf4 Ne8 41. Kd4
Nc7 42. a4 Ne6+ 43. Nxe6 Kxe6 44. a5 Kd6 45. Ke3 a6 46. b6 Kxc6 47. Kf4 Kb7 48.
Ke3 Kc6 49. Kf4 Kb7 50. Ke3 Kc8 51. Kf4 Kb8 52. Ke3 h5 53. h4 Kb7 54. Kf4 Kc6
55. Ke3 Kb7 56. Kf4 Kc6 57. Ke3 Kb7 1/2-1/2

[Event "Women's Speed Chess Q2"]
[Site "chess.com INT"]
[Date "2020.06.19"]
[Round "2"]
[White "Li, Xueyi"]
[Black "Vovk, Anastasiia"]
[Result "1-0"]
[WhiteTitle "WGM"]
[BlackTitle "WGM"]
[WhiteElo "2328"]
[BlackElo "2076"]
[WhiteFideId "8605912"]
[BlackFideId "14110563"]
[EventDate "2020.06.19"]

1. Nf3 Nf6 2. g3 b6 3. Bg2 Bb7 4. c4 e6 5. d4 Be7 6. Nc3 d5 7. cxd5 exd5 8. O-O
O-O 9. Qc2 Nbd7 10. Bf4 c6 11. Ne5 Re8 12. h4 Nf8 13. a3 Ne6 14. Be3 c5 15. Rad1
c4 16. Bc1 Qc8 17. e4 dxe4 18. Nxe4 Nxe4 19. Bxe4 Bxe4 20. Qxe4 Bf6 21. Qd5 Rd8
22. Qxc4 Qxc4 23. Nxc4 Nxd4 24. Kg2 Rac8 25. Ne3 Nb3 26. Nd5 Nxc1 27. Nxf6+ gxf6
28. Rxc1 Rxc1 29. Rxc1 Rd2 30. Rc7 Rxb2 31. Rxa7 Ra2 32. h5 Kg7 33. g4 b5 34.
Ra5 Kh6 35. Kg3 Kg7 36. f4 h6 37. Kf3 Kf8 38. Ke4 Ke7 39. Kf5 Ra1 40. Ra7+ Kd6
41. Rxf7 Rxa3 42. Rxf6+ Ke7 43. Rxh6 b4 44. Rb6 b3 45. h6 Kf7 46. g5 Ra5+ 47.
Kg4 Ra3 48. f5 Ra4+ 49. Kh5 Ra3 50. Rb7+ Kg8 51. g6 Kf8 52. h7 Ra6 53. h8=Q# 1-0

[Event "Women's Speed Chess Q2"]
[Site "chess.com INT"]
[Date "2020.06.19"]
[Round "2"]
[White "Priyanka, K"]
[Black "Aakanksha, Hagawane"]
[Result "0-1"]
[WhiteTitle "WIM"]
[BlackTitle "WIM"]
[WhiteElo "2218"]
[BlackElo "2238"]
[WhiteFideId "5082986"]
[BlackFideId "25014510"]
[EventDate "2020.06.19"]

1. e4 e5 2. Nf3 Nc6 3. Bb5 a6 4. Ba4 Nf6 5. d3 b5 6. Bb3 Bc5 7. Nc3 d6 8. Nd5 h6
9. c3 O-O 10. Nxf6+ Qxf6 11. Bd5 Bd7 12. h3 Rad8 13. g4 Ne7 14. g5 Qg6 15. Nh4
Qh7 16. gxh6 Nxd5 17. Rg1 g6 18. exd5 c6 19. Bg5 Rde8 20. Qf3 cxd5 21. Qxd5 Be6
22. Qf3 e4 23. dxe4 Bd5 24. O-O-O Bxe4 25. Qf4 f6 26. Bxf6 Re6 27. Rde1 Rfxf6
28. Qg5 d5 29. f3 Bxg1 30. fxe4 Bf2 31. Re2 Bxh4 32. Qxh4 dxe4 33. Rxe4 Rxe4 34.
Qxe4 Qxh6+ 35. Kc2 Qf8 36. Qd5+ Qf7 37. Qd8+ Kg7 38. a3 Rf2+ 39. Kb1 Qf5+ 40.
Ka2 Qe6+ 41. Kb1 Qf6 42. Qd7+ Qf7 43. Qd4+ Rf6 44. h4 Kh7 0-1

[Event "Women's Speed Chess Q2"]
[Site "chess.com INT"]
[Date "2020.06.19"]
[Round "2"]
[White "Kubicka, Anna"]
[Black "Limontaite, Simona"]
[Result "0-1"]
[WhiteTitle "WIM"]
[BlackTitle "WIM"]
[WhiteElo "2256"]
[BlackElo "2171"]
[WhiteFideId "1152254"]
[BlackFideId "12802506"]
[EventDate "2020.06.19"]

1. e4 c5 2. Ne2 g6 3. g3 Bg7 4. Bg2 e6 5. O-O Ne7 6. c3 O-O 7. d4 cxd4 8. cxd4
d5 9. e5 Nbc6 10. Nbc3 Nf5 11. b3 f6 12. Ba3 Rf7 13. exf6 Bxf6 14. Nf4 Nfxd4 15.
Re1 Kh8 16. Bb2 Bd7 17. Qd2 Bg7 18. Nce2 e5 19. Nxd4 exf4 20. Nxc6 bxc6 21.
Bxg7+ Kxg7 22. gxf4 Qf6 23. Rac1 Qxf4 24. Qb2+ Qf6 25. Qxf6+ Kxf6 26. Rc3 Re7
27. Rf3+ Bf5 28. Rc1 Re6 29. Bh3 Rc8 30. Bxf5 gxf5 31. Kf1 c5 32. Rh3 Rc7 33.
Rh6+ Ke7 34. Rxh7+ Kd6 35. Rxc7 Kxc7 36. Rxc5+ Kd6 37. Ra5 Re7 38. h4 f4 39. h5
Rh7 40. Ke2 Ke5 41. f3 Rxh5 42. Rxa7 Rh2+ 43. Kd3 Rf2 44. Re7+ Kd6 45. Rf7 Rxf3+
46. Kd4 Rf1 47. a4 f3 48. Ke3 Rb1 49. Rb7 Rf1 50. a5 d4+ 51. Kxd4 f2 52. Rf7
Rd1+ 53. Kc4 f1=Q+ 0-1

[Event "Women's Speed Chess Q2"]
[Site "chess.com INT"]
[Date "2020.06.19"]
[Round "2"]
[White "Khotenashvili, Bela"]
[Black "Charochkina, Daria"]
[Result "1-0"]
[WhiteTitle "GM"]
[BlackTitle "IM"]
[WhiteElo "2458"]
[BlackElo "2356"]
[WhiteFideId "13602640"]
[BlackFideId "4180917"]
[EventDate "2020.06.19"]

1. d4 d6 2. Nf3 Nf6 3. c4 g6 4. Nc3 Bf5 5. Nh4 Bd7 6. e4 e5 7. Nf3 exd4 8. Nxd4
Bg7 9. Be3 O-O 10. h3 Re8 11. Bd3 Nc6 12. O-O Ne5 13. Be2 Nc6 14. f3 Nh5 15.
Nxc6 bxc6 16. Qd2 f5 17. Bd3 f4 18. Bf2 Qg5 19. Kh2 Be5 20. Rfd1 Ng3 21. Ne2
Rab8 22. Rab1 c5 23. b3 h5 24. Qa5 Rb7 25. Qd2 Qh4 26. b4 cxb4 27. Rxb4 Rxb4 28.
Qxb4 Kh7 29. c5 Qf6 30. cxd6 Bxd6 31. Qd4 Qg5 32. Qxa7 Nxe2 33. Bxe2 Qe7 34. Rd5
g5 35. Qa5 Kg6 36. Bd3 Kh6 37. Bd4 g4 38. e5 g3+ 39. Kg1 Bb4 40. Qa6+ c6 41. a3
Bd2 42. Bc5 Be3+ 43. Bxe3 fxe3 44. Rd6+ Kg5 45. f4+ Kxf4 46. Qc4+ Kxe5 47. Rg6
e2 48. Qe4# 1-0

[Event "Women's Speed Chess Q2"]
[Site "chess.com INT"]
[Date "2020.06.19"]
[Round "2"]
[White "Alboredo, Julia"]
[Black "Eswaran, Aksithi"]
[Result "1-0"]
[WhiteTitle "WFM"]
[BlackTitle "WCM"]
[WhiteElo "2182"]
[BlackElo "1745"]
[WhiteFideId "2124807"]
[BlackFideId "2083485"]
[EventDate "2020.06.19"]

1. e4 c5 2. Nf3 Nc6 3. d4 cxd4 4. Nxd4 Nf6 5. Nc3 e5 6. Ndb5 d6 7. Bg5 a6 8. Na3
Be6 9. Nc4 Rc8 10. Ne3 Be7 11. Bxf6 Bxf6 12. Ncd5 Bg5 13. c3 Ne7 14. Qa4+ Nc6
15. Be2 O-O 16. O-O Ne7 17. Rad1 Kh8 18. Qb4 f5 19. Nxe7 Bxe7 20. exf5 Bxf5 21.
Nxf5 Rxf5 22. Qxb7 Rb8 23. Qxa6 Rxb2 24. Bd3 Rf6 25. Rb1 Rxb1 26. Rxb1 d5 27.
Qa7 Bd6 28. g3 e4 29. Bf1 Qf8 30. Qd4 Bc5 31. Qxd5 Rxf2 32. Bc4 Rf1+ 33. Kg2
Rxb1 34. Qxe4 Rb2+ 35. Kh3 Rxa2 36. Bxa2 Qc8+ 37. Qg4 Qc7 38. Be6 Qd6 39. Qf5 h6
40. Qf7 Qd8 41. Bf5 Qg8 42. Qg6 Bf2 43. Kg2 Be1 44. h4 Bxc3 45. h5 Bf6 46. Kh3
Bg5 47. Be6 Qf8 48. Bf5 Qg8 49. Be6 Qf8 50. Kg4 Qg8 51. Bxg8 1-0

[Event "Women's Speed Chess Q2"]
[Site "chess.com INT"]
[Date "2020.06.19"]
[Round "2"]
[White "Gunina, Valentina"]
[Black "Morris-Suzuki, Sophie"]
[Result "1-0"]
[WhiteTitle "GM"]
[BlackTitle "WFM"]
[WhiteElo "2431"]
[BlackElo "2043"]
[WhiteFideId "4167570"]
[BlackFideId "30922615"]
[EventDate "2020.06.19"]

1. e4 c5 2. Nf3 e6 3. d4 cxd4 4. Nxd4 a6 5. c4 Nf6 6. Nc3 Qc7 7. Be2 d6 8. O-O
Be7 9. Be3 b6 10. f4 Bb7 11. Bd3 Nbd7 12. b4 O-O 13. Rc1 Rfe8 14. h3 Bf8 15. Nf3
g6 16. a3 Bg7 17. Qd2 Rad8 18. Rfd1 Qb8 19. Qf2 Ba8 20. Qh4 Nf8 21. Qf2 N8d7 22.
Rc2 Nh5 23. Ne2 Rc8 24. Ng5 Qb7 25. Nc3 b5 26. c5 dxc5 27. bxc5 h6 28. Nf3 Qc7
29. e5 Bf8 30. Be4 Nxc5 31. Bxa8 Rxa8 32. Ne2 Rac8 33. Rdc1 Qa5 34. Bxc5 Bxc5
35. Rxc5 Rcd8 36. R5c3 Ng7 37. Qc5 Nf5 38. Qb4 Qb6+ 39. Qc5 Qa5 40. Kh2 Qa4 41.
Qb4 Rd5 42. Qxa4 bxa4 43. Rc4 Rd3 44. R1c3 Rd1 45. Ned4 Ne7 46. Rxa4 Nd5 47. Rc2
Nxf4 48. Nc6 Nd3 49. Rxa6 Kg7 50. Ra7 Rf8 51. Ncd4 Rb1 52. Nxe6+ Kg8 53. Nxf8
Kxf8 54. e6 fxe6 55. Rc8# 1-0

[Event "Women's Speed Chess Q2"]
[Site "chess.com INT"]
[Date "2020.06.19"]
[Round "2"]
[White "Hejazipour, Mitra"]
[Black "Zozulia, Anna"]
[Result "1-0"]
[WhiteTitle "WGM"]
[BlackTitle "IM"]
[WhiteElo "2300"]
[BlackElo "2258"]
[WhiteFideId "12505951"]
[BlackFideId "14102110"]
[EventDate "2020.06.19"]

1. Nf3 Nf6 2. d4 g6 3. Nc3 Bg7 4. e4 d6 5. Be2 O-O 6. O-O c6 7. a4 Qc7 8. h3 e5
9. Be3 Nbd7 10. dxe5 dxe5 11. Qc1 Re8 12. Rd1 Nh5 13. Bc4 Nb6 14. Bb3 Be6 15.
Bxe6 Rxe6 16. b3 Nf4 17. a5 Nd7 18. Kh2 Rd6 19. g3 Ne6 20. Rxd6 Qxd6 21. Qd1 Qe7
22. Qe2 h5 23. h4 Qb4 24. Bd2 Qe7 25. Qc4 Qc5 26. Qxc5 Ndxc5 27. Be3 Nd4 28. Ne1
a6 29. Na4 Nxa4 30. Rxa4 Rd8 31. Rb4 Rd7 32. Bxd4 exd4 33. Nd3 Bf8 34. Rc4 Be7
35. Kg2 Kf8 36. f4 Ke8 37. Kf3 Bd8 38. b4 Be7 39. e5 Rd5 40. Ke4 Kd8 41. Rxd4
Rxd4+ 42. Kxd4 Kc7 43. c3 b6 44. axb6+ Kxb6 45. Kc4 a5 46. bxa5+ Kxa5 47. Nc5
Kb6 48. Ne4 Kc7 49. Nd2 Kd7 50. Nf3 Ke6 51. Nd4+ Kd7 52. f5 gxf5 53. Nxf5 Bf8
54. Kd4 Ke6 55. Ke4 c5 56. Ne3 Be7 57. Ng2 Kd7 58. Nf4 1-0

[Event "Women's Speed Chess Q2"]
[Site "chess.com INT"]
[Date "2020.06.19"]
[Round "2"]
[White "Cagara, Paulina"]
[Black "Danielian, Elina"]
[Result "1/2-1/2"]
[BlackTitle "GM"]
[WhiteElo "2054"]
[BlackElo "2407"]
[WhiteFideId "1124870"]
[BlackFideId "13300210"]
[EventDate "2020.06.19"]

1. e4 d6 2. d4 Nf6 3. Nc3 c6 4. Be3 b5 5. f3 Nbd7 6. g4 Nb6 7. g5 Nfd7 8. a3 e6
9. h4 a6 10. Qd2 Qc7 11. b3 Be7 12. h5 Bb7 13. Bd3 c5 14. dxc5 dxc5 15. Be2 b4
16. axb4 cxb4 17. Na4 Nxa4 18. Rxa4 a5 19. Nh3 Bc5 20. Bb5 Bc6 21. Bxc5 Nxc5 22.
Bxc6+ Qxc6 23. Ra1 O-O 24. O-O Rfd8 25. Qf4 Qb6 26. Kh1 Rd7 27. Rg1 Rad8 28. g6
fxg6 29. Ng5 h6 30. hxg6 hxg5 31. Qh2 Kf8 32. Qh8+ Ke7 33. Qxg7+ Kd6 34. Rad1+
Kc7 35. Qe5+ Kb7 36. Rxd7+ Nxd7 37. Qxg5 Rh8+ 38. Kg2 Qd4 39. Qe7 Qd2+ 40. Kg3
Qh2+ 41. Kg4 Qh3+ 42. Kf4 Qh2+ 43. Rg3 Rh4+ 44. Ke3 Qxg3 45. Qxd7+ Kb6 46. Qxe6+
Kc7 47. Qe7+ Kc8 48. Qe8+ Kc7 49. Qe7+ Kc6 50. Qf6+ Kd7 51. Qf7+ Kd6 52. Qf6+
Kd7 53. Qf7+ Kc6 54. Qd5+ Kc7 55. Qf7+ Kd8 56. Qf8+ Kd7 57. Qf7+ 1/2-1/2